<?xml version="1.0" encoding="UTF-8"?>
<record
    xmlns:xsi="http://www.w3.org/2001/XMLSchema-instance"
    xsi:schemaLocation="http://www.loc.gov/MARC21/slim http://www.loc.gov/standards/marcxml/schema/MARC21slim.xsd"
    xmlns="http://www.loc.gov/MARC21/slim">

  <leader>00354nam a22001217a 4500</leader>
  <datafield tag="040" ind1=" " ind2=" ">
    <subfield code="c">HS</subfield>
  </datafield>
  <datafield tag="082" ind1=" " ind2=" ">
    <subfield code="a">585</subfield>
  </datafield>
  <datafield tag="100" ind1=" " ind2=" ">
    <subfield code="a">&#x1782;&#x17BD;&#x1799; &#x179F;&#x17BB;&#x1795;&#x179B;</subfield>
  </datafield>
  <datafield tag="245" ind1=" " ind2=" ">
    <subfield code="a">Cryptogams and gymnosperms &#x1795;&#x17D2;&#x1793;&#x17C2;&#x1780;&#x1782;&#x17D2;&#x179A;&#x17B8;&#x1794;&#x178F;&#x17BC;&#x1780;&#x17B6;&#x1798; &#x1793;&#x17B7;&#x1784; &#x179F;&#x17CA;&#x17B8;&#x1798;&#x178E;&#x17BC;&#x179F;&#x17D2;&#x1796;&#x17C2;&#x1798;</subfield>
  </datafield>
  <datafield tag="260" ind1=" " ind2=" ">
    <subfield code="a">RUA</subfield>
    <subfield code="b">&#x1782;&#x17BD;&#x1799; &#x179F;&#x17BB;&#x1795;&#x179B;</subfield>
    <subfield code="c">1994</subfield>
  </datafield>
  <datafield tag="300" ind1=" " ind2=" ">
    <subfield code="a">83p;</subfield>
  </datafield>
  <datafield tag="942" ind1=" " ind2=" ">
    <subfield code="c">KB</subfield>
  </datafield>
  <datafield tag="999" ind1=" " ind2=" ">
    <subfield code="c">9582</subfield>
    <subfield code="d">9582</subfield>
  </datafield>
  <datafield tag="952" ind1=" " ind2=" ">
    <subfield code="0">0</subfield>
    <subfield code="1">0</subfield>
    <subfield code="4">0</subfield>
    <subfield code="6">585_000000000000000_&#x1782;&#x17BD;&#x1799;_1994_C171</subfield>
    <subfield code="7">0</subfield>
    <subfield code="9">51612</subfield>
    <subfield code="a">LBC</subfield>
    <subfield code="b">LBC</subfield>
    <subfield code="c">C171</subfield>
    <subfield code="d">2016-09-05</subfield>
    <subfield code="o">585 &#x1782;&#x17BD;&#x1799; 1994 C171</subfield>
    <subfield code="p">RUA045747</subfield>
    <subfield code="r">2016-10-13</subfield>
    <subfield code="y">KB</subfield>
  </datafield>
  <datafield tag="952" ind1=" " ind2=" ">
    <subfield code="0">0</subfield>
    <subfield code="1">0</subfield>
    <subfield code="4">0</subfield>
    <subfield code="6">585_000000000000000_&#x1782;&#x17BD;&#x1799;_1994_C171</subfield>
    <subfield code="7">0</subfield>
    <subfield code="9">51613</subfield>
    <subfield code="a">LBC</subfield>
    <subfield code="b">LBC</subfield>
    <subfield code="c">C171</subfield>
    <subfield code="d">2016-09-05</subfield>
    <subfield code="o">585 &#x1782;&#x17BD;&#x1799; 1994 C171</subfield>
    <subfield code="p">RUA045159</subfield>
    <subfield code="r">2016-10-13</subfield>
    <subfield code="y">KB</subfield>
  </datafield>
  <datafield tag="952" ind1=" " ind2=" ">
    <subfield code="0">0</subfield>
    <subfield code="1">0</subfield>
    <subfield code="4">0</subfield>
    <subfield code="6">585_000000000000000_&#x1782;&#x17BD;&#x1799;_1994_C171</subfield>
    <subfield code="7">0</subfield>
    <subfield code="9">51614</subfield>
    <subfield code="a">LBC</subfield>
    <subfield code="b">LBC</subfield>
    <subfield code="c">C171</subfield>
    <subfield code="d">2016-09-05</subfield>
    <subfield code="o">585 &#x1782;&#x17BD;&#x1799; 1994 C171</subfield>
    <subfield code="p">A01031</subfield>
    <subfield code="r">2016-10-13</subfield>
    <subfield code="y">KB</subfield>
  </datafield>
  <datafield tag="952" ind1=" " ind2=" ">
    <subfield code="0">0</subfield>
    <subfield code="1">0</subfield>
    <subfield code="4">0</subfield>
    <subfield code="6">585_KUY_1994_000000000000000_C162</subfield>
    <subfield code="7">0</subfield>
    <subfield code="9">52329</subfield>
    <subfield code="a">LBC</subfield>
    <subfield code="b">LBC</subfield>
    <subfield code="c">C162</subfield>
    <subfield code="d">2016-09-19</subfield>
    <subfield code="o">585&#x200B;&#x200B; KUY 1994 C162</subfield>
    <subfield code="p">RUA43991</subfield>
    <subfield code="r">2016-10-12</subfield>
    <subfield code="y">KB</subfield>
  </datafield>
  <datafield tag="952" ind1=" " ind2=" ">
    <subfield code="0">0</subfield>
    <subfield code="1">0</subfield>
    <subfield code="4">0</subfield>
    <subfield code="6">585_KUY_1994_000000000000000</subfield>
    <subfield code="7">0</subfield>
    <subfield code="9">52330</subfield>
    <subfield code="a">LBC</subfield>
    <subfield code="b">LBC</subfield>
    <subfield code="d">2016-09-19</subfield>
    <subfield code="o">585&#x200B;&#x200B; KUY 1994</subfield>
    <subfield code="p">RUA045921</subfield>
    <subfield code="r">2016-09-19</subfield>
    <subfield code="w">2016-09-19</subfield>
    <subfield code="y">KB</subfield>
  </datafield>
</record>
